000 00431nam a22001697a 4500
003 CEME
005 20210628210349.0
008 210216b xxu||||| |||| 00| 0 eng d
040 _c.
082 _a297.52 NAM
100 _aZia Ul Quran
_979090
245 _aNimaz key sub say barry kitab
260 _aLAHORE
_bZIA UL QURAN PUBLICATION
_c1999
300 _a850P
650 _aISLAM-NAMAZ ISLAM-PRAYER
_979091
942 _cBK
_2ddc
999 _c584155
_d584155